00851nam a2200217Ia 4500003000900000008004100009020001800050040001600068080002200084110004000106111007200146245020500218260005800423300001600481490003400497650001300531650001900544700002600563700002300589700002100612IN-BaIIA211028s9999 xx 000 0 eng d a1-58381-053-6 cIIA Library a082.2:52bASP-221 aAstronomical Society of the Pacific a2000 CTIO/ESO/LCO Joint WorkshopcLa Serena, Chiled2000 Mar. 15-18 0aStars, gas and dust in galaxiesbexploring the links; proceedings of the 2000 CTIO/ESO/LCO Joint Workshop held in La Serena, Chile, March 15-18, 2000cedited by D. Alloin, Knut Olsen, and Gaspar Galaz aCaliforniabAstronomical Society of the Pacificc2000 axvii, 308p. aASP conference series; v. 221 agalaxies astar formation aAlloin, Danielle, ed. aGalaz, Gaspar, ed. aOlsen, Knut, ed.